Every Song by the Allman Brothers Band - Statistics

General Stats
  • This quiz has been taken 6 times
  • The average score is 17 of 91
Answer Stats
Album Song % Correct
Idlewild South(1970) In Memory of Elizabeth Reed
100%
Brothers and Sisters(1973) Ramblin' Man
100%
The Allman Brothers Band(1969) Whipping Post
100%
Brothers and Sisters(1973) Jessica
80%
Eat a Peach(1972) Melissa
80%
Seven Turns(1990) Seven Turns
80%
Where It All Begins(1994) Soulshine
80%
Eat a Peach(1972) Ain't Wastin' Time No More
60%
Eat a Peach(1972) Blue Sky
60%
Brothers of the Road(1981) Brothers of the Road
60%
The Allman Brothers Band(1969) It's Not My Cross to Bear
60%
Eat a Peach(1972) Little Martha
60%
Idlewild South(1970) Midnight Rider
60%
Idlewild South(1970) Revival
60%
Win, Lose or Draw(1975) Win, Lose or Draw
60%
Where It All Begins(1994) Back Where It All Begins
40%
The Allman Brothers Band(1969) Black Hearted Woman
40%
Enlightened Rogues(1979) Crazy Love
40%
The Allman Brothers Band(1969) Dreams
40%
The Allman Brothers Band(1969) Every Hungry Woman
40%
Idlewild South(1970) Please Call Home
40%
Brothers and Sisters(1973) Wasted Words
40%
Reach for the Sky(1980) Angeline
20%
Idlewild South(1970) Don't Keep Me Wonderin'
20%
Seven Turns(1990) Good Clean Fun
20%
Win, Lose or Draw(1975) High Falls
20%
Trouble No More: 50th Anniversary Collection(2020) I'm Not Crying
20%
Idlewild South(1970) Leave My Blues at Home
20%
Eat a Peach(1972) Les Brers in A Minor
20%
Win, Lose or Draw(1975) Louisiana Lou and Three Card Monty John
20%
Hittin' the Note(2003) Maydell
20%
Enlightened Rogues(1979) Need Your Love So Bad
20%
Win, Lose or Draw(1975) Nevertheless
20%
Where It All Begins(1994) No One to Run With
20%
Enlightened Rogues(1979) Pegasus
20%
Enlightened Rogues(1979) Sail Away
20%
Brothers and Sisters(1973) Southbound
20%
Eat a Peach(1972) Stand Back
20%
Hittin' the Note(2003) Woman Across the River
20%
Where It All Begins(1994) All Night Train
0%
Shades of Two Worlds(1991) Bad Rain
0%
Enlightened Rogues(1979) Can't Take It With You
0%
Where It All Begins(1994) Change My Way of Living
0%
Brothers and Sisters(1973) Come and Go Blues
0%
Hittin' the Note(2003) Desdemona
0%
Shades of Two Worlds(1991) Desert Blues
0%
Shades of Two Worlds(1991) End of the Line
0%
Where It All Begins(1994) Everybody's Got a Mountain to Climb
0%
Reach for the Sky(1980) Famous Last Words
0%
Hittin' the Note(2003) Firing Line
0%
Reach for the Sky(1980) From the Madness of the West
0%
Seven Turns(1990) Gambler's Roll
0%
Shades of Two Worlds(1991) Get On with Your Life
0%
Hittin' the Note(2003) Heart of Stone
0%
Reach for the Sky(1980) Hell & High Water
0%
Hittin' the Note(2003) High Cost of Low Living
0%
Brothers of the Road(1981) I Beg of You
0%
Reach for the Sky(1980) I Got a Right to Be Wrong
0%
Hittin' the Note(2003) Instrumental Illness
0%
Seven Turns(1990) It Ain't Over Yet
0%
Enlightened Rogues(1979) Just Ain't Easy
0%
Win, Lose or Draw(1975) Just Another Love Song
0%
Reach for the Sky(1980) Keep On Keepin' On
0%
Shades of Two Worlds(1991) Kind of Bird
0%
Brothers of the Road(1981) Leavin'
0%
Seven Turns(1990) Let Me Ride
0%
Seven Turns(1990) Loaded Dice
0%
Seven Turns(1990) Low Down Dirty Mean
0%
Brothers of the Road(1981) Maybe We Can Go Back to Yesterday
0%
Where It All Begins(1994) Mean Woman Blues
0%
Shades of Two Worlds(1991) Midnight Man
0%
Reach for the Sky(1980) Mystery Woman
0%
Brothers of the Road(1981) Never Knew How Much (I Needed You)
0%
Shades of Two Worlds(1991) Nobody Knows
0%
Hittin' the Note(2003) Old Before My Time
0%
Hittin' the Note(2003) Old Friend
0%
Brothers and Sisters(1973) Pony Boy
0%
Hittin' the Note(2003) Rockin' Horse
0%
Where It All Begins(1994) Sailin' 'Cross the Devil's Sea
0%
Seven Turns(1990) Shine It On
0%
Reach for the Sky(1980) So Long
0%
Brothers of the Road(1981) Straight from the Heart
0%
Where It All Begins(1994) Temptation Is a Gun
0%
Brothers of the Road(1981) The Heat Is On
0%
Brothers of the Road(1981) The Judgment
0%
Brothers of the Road(1981) Things You Used to Do
0%
Seven Turns(1990) True Gravity
0%
Enlightened Rogues(1979) Try It One More Time
0%
Brothers of the Road(1981) Two Rights
0%
Where It All Begins(1994) What's Done Is Done
0%
Hittin' the Note(2003) Who to Believe
0%
No matching quizzes found
Score Distribution
Percent of People with Each Score
Percentile by Number Answered
Your Score History
You have not taken this quiz